000 00265nam a22001217a 4500
020 _a0-04-304009-8
082 _a153.2 RUS'U
100 _aRUSSELL, BERTRAND
_937020
245 _aUNPOPULAR ESSAYS
260 _aLONDON
_bUNWIN
_c1994
300 _a190P
942 _cBK
999 _c575071
_d575071